Quick frozen foods 1978 Directory of frozen food processors

Guardat en:
Dades bibliogràfiques
Format: Llibre
Idioma:Undetermined
Publicat: Washington A Harcourt Brace Jovanovich 1978
Matèries:
Etiquetes: Afegir etiqueta
Sense etiquetes, Sigues el primer a etiquetar aquest registre!
Thư viện lưu trữ: Trung tâm Học liệu Trường Đại học Cần Thơ
LEADER 00489nam a2200181Ia 4500
001 CTU_23458
008 210402s9999 xx 000 0 und d
082 |a 016.664 
082 |b Q6 
245 0 |a Quick frozen foods 
245 0 |b 1978 Directory of frozen food processors 
260 |a Washington 
260 |b A Harcourt Brace Jovanovich 
260 |c 1978 
650 |a frozen food 
650 |x Bibliography 
904 |i Truc 
980 |a Trung tâm Học liệu Trường Đại học Cần Thơ